01120cam a2200229 a 4500003000400000005001700004008004100021010001700062020001500079040001700094041000800111082002500119100002600144245003400170260007000204300007600274504004100350505038400391650003600775650004100811650003800852OSt20210519160616.0880928s1988 idua grb 000 0 eng  a 87092265  a0962001104 aDLCcCO-JMCR0 aeng04a330.973 /bR822m2231 aRudd, Terry R.eautor10a1929 again? /cTerry R. Rudd. aLewiston, Idaho, U.S.A. :bBell Curve Research Foundation,c1988. a446 páginas :bilustraciones y gráficos en blanco y negro ;c23 cm. aBibliografía : páginas 403-407.0 awhat´s happening to real estate?. -- what is value?. -- Reason is reason . -- Approaches to value. -- Comparison is comparisons. -- The roots of value. -- Cycles-How the World travels. -- Spirals and other aids in cycle timing. -- Where are the equity markets headed?. -- Where are the equity markets headed?. -- Investment decisions. -- How to succeed in real estate whth bell.14aBusiness cycleszUnited States.24aEconomic forecastingzUnited States.24aDepressionsy1929zUnited States.